|
|
|
|
| LEADER |
01578nam a2200301 a 4500 |
| 001 |
13700200 |
| 008 |
091121s2006 njua b 001 0 eng d |
| 010 |
|
|
|a \\2004042356
|
| 020 |
|
|
|a 0131479717
|
| 020 |
|
|
|a 0131968726
|
| 040 |
|
|
|a DLC
|c DLC
|d DLC
|
| 082 |
0 |
0 |
|a 330
|2 22
|
| 100 |
1 |
|
|a O'Sullivan, Arthur.
|
| 245 |
1 |
0 |
|a Economics :
|b principles and tools /
|c Arthur O'Sullivan, Steven M. Sheffrin.
|
| 250 |
|
|
|a 4th ed.
|
| 260 |
|
|
|a Upper Saddle River, NJ :
|b Pearson/ Prentice Hall,
|c c2006.
|
| 300 |
|
|
|a xxxii, 814 p. :
|b col. ill. ;
|c 22 cm.
|
| 504 |
|
|
|a Includes bibliographical references and index.
|
| 541 |
1 |
|
|e 00014290
|
| 650 |
|
0 |
|a Economics.
|
| 700 |
1 |
|
|a Sheffrin, Steven M.
|
| 852 |
4 |
|
|a Ayesha Abed Library
|j General shelf
|
| 942 |
0 |
0 |
|0 1
|
| 999 |
|
|
|c 5747
|d 5747
|
| 952 |
|
|
|0 0
|1 0
|2 ddc
|4 1
|6 330_000000000000000_OSU_2006
|7 0
|9 5685
|a BRACUL
|b BRACUL
|c SPS
|d 2009-11-21
|g 0.00
|l 1
|m 1
|o 330 OSU
|p 3010014290
|r 2016-08-14
|s 2016-07-31
|t 1
|w 2009-11-21
|y BK
|x No price found in the accession register.
|
| 952 |
|
|
|0 0
|1 0
|2 ddc
|4 1
|6 330_000000000000000_OSU_2006
|7 0
|9 6019
|a BRACUL
|b BRACUL
|c SPS
|d 2009-12-07
|g 0.00
|l 2
|m 3
|o 330 OSU
|p 3010014287
|r 2015-06-15
|s 2015-05-28
|t 3
|w 2009-12-07
|y BK
|x No price found in the accession register.
|
| 952 |
|
|
|0 0
|1 0
|2 ddc
|4 1
|6 330_000000000000000_OSU_2006
|7 0
|9 6021
|a BRACUL
|b BRACUL
|c SPS
|d 2009-12-07
|g 0.00
|l 0
|o 330 OSU
|p 3010014289
|r 2009-12-07
|t 4
|w 2009-12-07
|y BK
|x No price found in the accession register.
|
| 952 |
|
|
|0 0
|1 0
|2 ddc
|4 0
|6 330_OSU_200600000000000
|7 0
|9 18920
|a BRACUL
|b BRACUL
|c GEN
|d 2011-12-18
|l 11
|m 100
|o 330 OSU
|p 3010014032
|r 2024-09-21
|s 2024-06-23
|t 5
|w 2011-12-18
|y BK
|